Of bureaucrats and passionate public managers: Institutional logics, executive identities, and public service motivation (Record no. 106904)

000 -LEADER
fixed length control field 01527pab a2200181 454500
008 - FIXED-LENGTH DATA ELEMENTS--GENERAL INFORMATION
fixed length control field 180718b2014 xxu||||| |||| 00| 0 eng d
100 ## - MAIN ENTRY--PERSONAL NAME
Personal name Meyer, Renate E. et al
245 ## - TITLE STATEMENT
Title Of bureaucrats and passionate public managers: Institutional logics, executive identities, and public service motivation
260 ## - PUBLICATION, DISTRIBUTION, ETC.
Date of publication, distribution, etc. 2014
300 ## - PHYSICAL DESCRIPTION
Extent p.861-885.
520 ## - SUMMARY, ETC.
Summary, etc. Over recent decades, a number of managerial reform initiatives in continental Europe have aimed at moving away from the traditional Weberian model of public administration. Such shifting bases of legitimacy are brought about by changes in the institutional logics in place, which not only provide frames of reference but also social identities and vocabularies of motive for the actors in the field. In this article, we approach the expanding research on public service motivation (PSM) by employing an institutional prism. Based on an executive survey in a continental European context, we examine the assumption that high PSM is associated with the traditional ethos and social identity in the public sector. What we find is that a Weberian legalistic-bureaucratic logic supports neither a high attraction to policy-making nor a high level of compassion. A managerial orientation, on the other hand, entails significantly higher scores on these two dimensions, as well as on overall PSM. - Reproduced.
650 ## - SUBJECT ADDED ENTRY--TOPICAL TERM
Topical term or geographic name entry element Public administration
650 ## - SUBJECT ADDED ENTRY--TOPICAL TERM
Topical term or geographic name entry element Civil service
650 ## - SUBJECT ADDED ENTRY--TOPICAL TERM
Topical term or geographic name entry element Motivation
773 ## - HOST ITEM ENTRY
Main entry heading Public Administration
908 ## - PUT COMMAND PARAMETER (RLIN)
Put command parameter N
909 ## -
-- 106909
Holdings
Withdrawn status Lost status Damaged status Not for loan Permanent Location Current Location Date acquired Serial Enumeration / chronology Barcode Date last seen Price effective from Koha item type
        Indian Institute of Public Administration Indian Institute of Public Administration 2018-07-19 Volume no: 92, Issue no: 4 AR107369 2018-07-19 2018-07-19 Articles

Powered by Koha